000 00346 a2200157 4500
001 164532
020 _a
040 _cMagnum
100 _aIacocca, Liliana
240 1 0 _aA estranha tia da rua dos maracujas
_lpor
245 1 0 _aA estranha tia da rua dos maracujas
362 0 _a1899
440 1 _aFTD
697 _aJ/AVENTURA
942 _cBK
999 _c164532
_d164532